| 000 | 00389nam a22001577a 4500 | ||
|---|---|---|---|
| 005 | 20251108172409.0 | ||
| 008 | 250721s1967 xx 000 0 eng d | ||
| 082 | 1 | 4 | _aF/Syr |
| 245 | 1 | 0 | _aTen Short stories / |
| 264 | 1 |
_aDamascus : _bm . of educations, _c1967. |
|
| 300 | _a192p | ||
| 650 | 1 | 7 | _aFiction |
| 710 | 2 | _aSyria . Ministry of educations | |
| 942 |
_2ddc _cBK |
||
| 999 |
_c78226 _d78226 |
||